TWMS journal of applied and engineering mathematics

Detalles Bibliográficos
Autor Corporativo: Turkic World Mathematical Society
Formato: Electrónico Revista
Lenguaje:inglés
Publicado: Istanbul : Turkic World Mathematical Society, [2011]-
Materias:
Acceso en línea:Full text available from Research Library: 01/01/2011 to present

MARC

LEADER 00000nas a2200000 i 4500
001 ssj0000866703
003 WaSeSS
005 20200512172242.0
006 m d
007 cr n
008 121019c20119999tk fr p s | 0eng
010 |a  2012273324 
022 |l 2146-1147  |y 2146-1147 
035 |a (WaSeSS)ssj0000866703 
040 |a DLC  |b eng  |c DLC  |d OCLCO  |d OCLCQ  |d CUS  |d OCLCF  |d OCLCO  |d CUS  |d WaSeSS 
042 |a pcc 
050 0 0 |a QA1  |b .T885 
210 0 |a TWMS j. app. eng. mat. 
222 0 |a TWMS journal of applied and engineering mathematics 
245 0 0 |a TWMS journal of applied and engineering mathematics  |h [electronic resource]. 
246 3 |a Turkic World Mathematical Society journal of applied and engineering mathematics 
260 |a Istanbul :  |b Turkic World Mathematical Society,  |c [2011]- 
310 |a Semiannual 
362 1 |a Began with volume 1, no. 1 (2011). 
506 |a License restrictions may limit access. 
588 |a Description based on: Volume 1, no. 1 (2011); title from cover. 
588 |a Latest issue consulted: Volume 2, no. 1 (2012). 
650 0 |a Mathematics  |v Periodicals. 
650 0 |a Engineering mathematics  |v Periodicals. 
650 7 |a Engineering mathematics.  |2 fast  |0 (OCoLC)fst00910601 
650 7 |a Mathematics.  |2 fast  |0 (OCoLC)fst01012163 
655 0 |a Electronic journals. 
710 2 |a Turkic World Mathematical Society. 
850 |a DLC 
856 4 0 |z Full text available from Research Library: 01/01/2011 to present  |u https://search.proquest.com/publication/2026602